000 01163cad a22001935a 4500
001 L154977
008 120213s2012 xxk f 000 0 eng d
035 _a(Sirsi) u154977
041 0 _aeng
110 2 _aUnited Kingdom
_bDepartment for Communities and Local Government
_94939
245 0 0 _aFuture of building regulations
_bidentifying the changes needed to building regulations
_h[electronic resource]
260 _aLondon
_bDCLG
_c2012
520 _aFollowing the investigation into necessary priority areas for further work, as set out in the Statement made by Building Regulations Minister, Andrew Stunell, on 16 December 2010, there are now proposals for changes to the Building Regulations - consultations remain open until 27 April 2012, although responses on aspects that link to Green Deal proposals in Section 2 are requested by 27 March 2012.
590 _aKA NTK
651 4 _aEngland
_y886-
690 _aBuilding regulations
_96224
856 4 0 _uhttps://www.communities.gov.uk/planningandbuilding/buildingregulations/buildingregulationschanges/
_zView the consultations and other information free of charge at www.communities.gov.uk
942 _n0
999 _c113265
_d113265